| 000 | 00732nam a2200217Ia 4500 | ||
|---|---|---|---|
| 005 | 20250508153212.0 | ||
| 008 | 008 250505s9999 xx 000 0 eng d | ||
| 037 | _aBooks to be hide in OPAC | ||
| 040 |
_aFEDL _beng _cFEDL |
||
| 041 |
_aeng _2eng |
||
| 084 |
_a025.78, SCH _qFEDL |
||
| 100 |
_aScheele Martin _946297 |
||
| 245 | 0 | _aPunch-card methods in research and documentation: With special reference to biology | |
| 260 |
_aNew York, USA _bInterscience Publishers _c1961 |
||
| 300 | _axiv,274p. | ||
| 490 | _aLibrary Science and Documentation : A Series of Texts and Monographs | ||
| 650 | _aLibrary Science | ||
| 700 |
_a Holmstrom J E _9763402 |
||
| 942 |
_cHB _h025.78, SCH |
||
| 999 |
_c1341208 _d1341208 |
||